Thực hiện kế hoạch đào tạo: Ngành Giáo dục công dân Sách trợ giúp giảng viên Cao đẳng Sư phạm

שמור ב:
מידע ביבליוגרפי
מחבר ראשי: Trần, Tuấn Sĩ
פורמט: ספר
שפה:Vietnamese
יצא לאור: H. Đại học sư phạm 2007
נושאים:
תגים: הוספת תג
אין תגיות, היה/י הראשונ/ה לתייג את הרשומה!
Thư viện lưu trữ: Mạng thư viện Đại học Đà Nẵng
LEADER 01129nam a2200301 4500
001 000015420
003 11800
005 20130228140226.0
008 120528s2007 viesd
041 0 |a vie 
082 |a 320.4071  |b TR-S 
100 0 |a Trần, Tuấn Sĩ 
245 0 |a Thực hiện kế hoạch đào tạo: Ngành Giáo dục công dân  |b Sách trợ giúp giảng viên Cao đẳng Sư phạm  |c Trần, Tuấn Sĩ - Lê Văn Tá 
260 |a H.  |b Đại học sư phạm  |c 2007 
300 |a 243 tr  |c 24 cm 
500 |a Bộ giáo dục và đào tạo dự án đào tạo giáo viên THCS 
653 |a đào tạo 
653 |a giáo dục công dân 
OWN |a LSP 
AVA |a UDN50  |b LSP  |d 320.4071 TR-S  |e available  |t Error 5001 Not defined in file expand_doc_bib_avail.  |f 5  |g 0  |h N  |i 0  |k 1 
999 |a From the UDN01 
AVA |a UDN50  |b LSP  |d 320.4071 TR-S  |e available  |t Error 5001 Not defined in file expand_doc_bib_avail.  |f 5  |g 0  |h N  |i 0  |k 1 
TYP |a Monograph 
TYP |a Printed language 
980 |a Mạng thư viện Đại học Đà Nẵng